Obálka Náhled e-knihy:
PDF Epub
Pro půjčování e-knih musíte být přihlášeni.
Jak si půjčit online?

Pád do tmy /

Detektiv Madison Harperová a soukromý vyšetřovatel Nate Monroe mají jedno společné – oba si odseděli tresty za zločiny, které nespáchali. Teď spojí síly, aby pátrali po dvanáctileté Jenny, která zmizela z letního tábora na severu Kalifornie. Madison je jasné, že idylický kemp u jezera je plný tajems...

Celý popis

Uloženo v:
Série:Madison Harperová, část 1
Hlavní autor: Dranfield, Wendy (Autor)
Médium: E-kniha
Jazyk:Czech
Vydáno: Praha : Albatros Media a.s., 2022
Příbuzné jednotky:Z cyklu:: Madison Harperová
Tagy:
Žádné tagy
LEADER 01536nam a22002417i 4500
001 311653
007 ta
008 260601s2022 xr ||||| |||| 00| 0 cze d
020 |a 9788074985973 
044 |a xr 
100 1 |a  Dranfield, Wendy  |4 aut 
245 1 0 |a Pád do tmy /  |c  Dranfield, Wendy 
240 1 0 |a Shadow Falls 
264 1 |a Praha :  |b Albatros Media a.s.,  |c 2022 
300 |a 1 online zdroj (384 stran) 
336 |a text  |b txt  |2 rdacontent 
337 |a bez média  |b n  |2 rdamedia 
338 |a online zdroj  |b cr  |2 rdacarrier 
520 2 |a Detektiv Madison Harperová a soukromý vyšetřovatel Nate Monroe mají jedno společné – oba si odseděli tresty za zločiny, které nespáchali. Teď spojí síly, aby pátrali po dvanáctileté Jenny, která zmizela z letního tábora na severu Kalifornie. Madison je jasné, že idylický kemp u jezera je plný tajemství, vedoucí však mlčí jako zařezaní. Pak ale Madison v místní knihovně najde zlověstný obrázek, který Jenny namalovala… a události se dají do pohybu. 
787 0 8 |g 1  |i Z cyklu:  |t Madison Harperová 
910 |a RBIT002 
998 |d 359447  |a https://core.palmknihy.cz/api/books/359447/cover?si617w  |b https://core.palmknihy.cz/api/books/359447/cover/400?si617w  |c https://core.palmknihy.cz/api/books/359447/cover/50?si617w  |e 2029-05-24  |g 384  |i 9788074985973  |j https://core.palmknihy.cz/api/books/359447/preview.epub  |k https://core.palmknihy.cz/api/books/359447/preview.pdf  |l   |q 49  |r 1  |s https://www.palmknihy.cz/kniha/359447  |t ebook  |y 2022  |z 1  |v Madison Harperová  |w 1 
999 |d 311651